En la ciudad / (Record no. 61914)
[ view plain ]
| 000 -LEADER | |
|---|---|
| campo de control de longitud fija | 00540nam a2200181 i 4500 |
| 001 - NÚMERO DE CONTROL | |
| campo de control | 61914 |
| 003 - IDENTIFICADOR DE NÚMERO DE CONTROL | |
| campo de control | ES-MaACL |
| 005 - FECHA Y HORA DE LA ÚLTIMA TRANSACCIÓN | |
| campo de control | 20251018063045.0 |
| 007 - CAMPO FIJO DE DESCRIPCIÓN FÍSICA--INFORMACIÓN GENERAL | |
| campo de control de longitud fija | t| |
| 008 - DATOS DE LONGITUD FIJA--INFORMACIÓN GENERAL | |
| campo de control de longitud fija | 031114s1960 sp |||| | spa d |
| 100 1# - ENTRADA PRINCIPAL--NOMBRE DE PERSONA | |
| Nombre de persona | Faulkner, William, |
| Fechas asociadas al nombre | 1897-1962 |
| 9 (RLIN) | 242365 |
| 245 10 - MENCIÓN DEL TÍTULO | |
| Título | En la ciudad / |
| Mención de responsabilidad, etc. | William Faulkner ; traducción de Ramón Hernández. |
| 260 ## - PUBLICACIÓN, DISTRIBUCIÓN, ETC. | |
| Lugar de publicación, distribución, etc. | Buenos Aires : |
| Nombre del editor, distribuidor, etc. | Plaza & Janés, |
| Fecha de publicación, distribución, etc. | [1960] |
| 300 ## - DESCRIPCIÓN FÍSICA | |
| Extensión | 351 p. ; |
| Dimensiones | 20 cm. |
| 700 1# - ENTRADA AGREGADA--NOMBRE PERSONAL | |
| Nombre de persona | Hernández, Ramón. |
| 9 (RLIN) | 62858 |
| 852 ## - LOCALIZACIÓN | |
| Ubicación | ES-MaACL |
| Número de control de estantería | C-17653 |
| Estatus retirado | Estado de pérdida | Estado de daño | No para préstamo | Biblioteca de origen | Biblioteca actual | Ubicación en estantería | Fecha de adquisición | Fuente de adquisición | Total de préstamos | Signatura topográfica completa | Código de barras | Visto por última vez | Precio de reemplazo | Tipo de ítem Koha |
|---|---|---|---|---|---|---|---|---|---|---|---|---|---|---|
| Biblioteca del Ateneo de Madrid | Biblioteca del Ateneo de Madrid | Galería | 17/01/2008 | C-17653 | 1064914 | 23/02/2023 | 23/02/2023 | Libro impreso |
